000 00414nam a2200157Ia 4500
003 GCL
008 140319s9999 xx 000 0 eng d
040 _aGCL /
_cGCL
082 0 4 _aCH
_b030.4
_bH E
100 1 _aHACHETTE
245 1 0 _aENCYCLOPEDIA DE LA JEUNESSEDIS, COMMENT CA MARCHE ? /
_cHACHETTE
260 _a[S.N] :
_bHACHETTE
650 0 4 _aENCYCLOPEDIES
650 0 4 _aFRENCH ENCYCLOPEDIE
942 _2ddc
_cBK
999 _c23539
_d23539